PSYCHOLOGY FOR NURSES (Record no. 1859)

MARC details
000 -LEADER
fixed length control field 00291nam a2200121Ia 4500
008 - FIXED-LENGTH DATA ELEMENTS--GENERAL INFORMATION
fixed length control field 150201s2004 xx 000 0 und d
082 ## - DEWEY DECIMAL CLASSIFICATION NUMBER
Classification number 150
Item number S04K
100 ## - MAIN ENTRY--PERSONAL NAME
Personal name KHAN , M.A.
245 ## - TITLE STATEMENT
Title PSYCHOLOGY FOR NURSES
260 ## - PUBLICATION, DISTRIBUTION, ETC. (IMPRINT)
Name of publisher, distributor, etc. ACADEMA PUB.
Place of publication, distribution, etc. DELHI
Date of publication, distribution, etc. 2004
650 ## - SUBJECT ADDED ENTRY--TOPICAL TERM
Topical term or geographic name as entry element PSYCHOLOGY
942 ## - ADDED ENTRY ELEMENTS (KOHA)
Source of classification or shelving scheme Dewey Decimal Classification
Koha item type Books
Holdings
Withdrawn status Lost status Source of classification or shelving scheme Damaged status Not for loan Collection code Home library Current library Shelving location Date acquired Source of acquisition Cost, normal purchase price SGTU Total Checkouts Full call number Barcode Date last seen Date last checked out Bill Date Koha item type
    Dewey Decimal Classification     NURSING SGT Medical Library SGT Medical Library Text Book 09/02/2015 UBS DELHI 125.00 SGTU 1 150 S04K FN75 18/02/2021 18/02/2021 09/02/2015 Books